| 000 | 00436nam a22001577a 4500 | ||
|---|---|---|---|
| 008 | 151124b xxu||||| |||| 00| 0 eng d | ||
| 020 | _a0324185103 | ||
| 041 | 0 | _aeng | |
| 080 | _a339.138 | ||
| 245 | 0 |
_aContemporary marketing / _cLouis E. Boone; David L. Kurtz; |
|
| 250 | _a11th. ed. | ||
| 260 |
_aOhio; _bThomson South-Westearn; _c2004. |
||
| 300 |
_a599 f.: _bme il.; _c24 cm. |
||
| 650 | 0 | _aMarketingu bashkëkohor | |
| 942 |
_2udc _cBK |
||
| 999 |
_c1382 _d1382 |
||